[Event "Suecia ch 2007 Mästare Elit"]
[Site "Stockholm SWE"]
[Date "2007.07.01"]
[Round "2"]
[White "Semcesen, Daniel"]
[Black "Couso, Luis"]
[Result "1/2-1/2"]
[PlyCount "85"]
[EventDate "2007.06.30"]
[EventType "tourn"]
[EventRounds "13"]
[EventCountry "SWE"]
[Source "lmi"]
[SourceDate "2007.06.30"]
[WhiteElo "2348"]
[BlackElo "2358"]

1. d4 d5 2. c4 c6 3. Nf3 Nf6 4. Qc2 a6 5. Nbd2 e6 6. g3 Nbd7 7. Bg2 b5 8. b3
Bb7 9. c5 a5 10. Bb2 Be7 11. O-O O-O 12. Rfe1 Qc7 13. e4 Nxe4 14. Nxe4 dxe4 15.
Rxe4 Bf6 16. Rae1 Rae8 17. Bc1 Qd8 18. h4 Be7 19. Bh3 Nf6 20. Re5 Bc8 21. Kh2
Nd5 22. Ng5 g6 23. f4 Bf6 24. R5e4 Bg7 25. Nf3 Re7 26. Bb2 Qc7 27. a3 Rfe8 28.
Qf2 Ba6 29. Bf1 Nf6 30. Kg1 Nxe4 31. Rxe4 Bc8 32. h5 gxh5 33. Re5 f5 34. Re3
Rd8 35. Qh2 Qd7 36. Qxh5 Qe8 37. Qg5 h6 38. Qh4 Red7 39. Bg2 Qe7 40. Qh5 Qf7
41. Qh4 Qe7 42. Qh5 Qf7 43. Qh4 1/2-1/2

[Event "Suecia ch 2007 Mästare Elit"]
[Site "Stockholm SWE"]
[Date "2007.07.01"]
[Round "2"]
[White "Johansson, Gunnar"]
[Black "Rosberg, Simon"]
[Result "0-1"]
[PlyCount "106"]
[EventDate "2007.06.30"]
[EventType "tourn"]
[EventRounds "13"]
[EventCountry "SWE"]
[Source "lmi"]
[SourceDate "2007.06.30"]
[WhiteElo "2272"]
[BlackElo "2205"]

1. Nf3 c5 2. c4 b6 3. g3 Bb7 4. Bg2 Nf6 5. O-O e6 6. Nc3 d6 7. Re1 Nbd7 8. e4
a6 9. d4 cxd4 10. Qxd4 Qc7 11. b3 Be7 12. Bb2 O-O 13. Rac1 Rfe8 14. h3 Rad8 15.
Nh2 Qb8 16. Nf1 Bf8 17. Kh2 Bc6 18. Ne3 Qa8 19. Nc2 Nc5 20. Rcd1 Qb8 21. Qe3
Ba8 22. f4 h6 23. Qf2 Be7 24. Qe3 Nh7 25. b4 Nd7 26. a3 Qc7 27. Qd3 Nb8 28. Rc1
Bf6 29. Ne3 Nc6 30. Ng4 Bxc3 31. Qxc3 e5 32. Rcd1 f6 33. Ne3 Ne7 34. Rc1 Nf8
35. Qb3 Kh8 36. Red1 Qb8 37. Kg1 exf4 38. gxf4 Neg6 39. f5 Nf4 40. Nd5 Bxd5 41.
exd5 Ne2+ 42. Kf2 Nxc1 43. Bxc1 Qc8 44. Qd3 Nd7 45. Bf1 Ne5 46. Qe4 Re7 47. Be3
Rde8 48. Re1 Nxc4 49. Qxc4 Qxf5+ 50. Kg1 Rxe3 51. Rxe3 Rxe3 52. Qxa6 Rg3+ 53.
Kh2 Qf2+ 0-1

[Event "Suecia ch 2007 Mästare Elit"]
[Site "Stockholm SWE"]
[Date "2007.07.01"]
[Round "2"]
[White "Nilsson, Sebastian"]
[Black "Hedman, Erik"]
[Result "0-1"]
[PlyCount "116"]
[EventDate "2007.06.30"]
[EventType "tourn"]
[EventRounds "13"]
[EventCountry "SWE"]
[Source "lmi"]
[SourceDate "2007.06.30"]
[WhiteElo "2218"]
[BlackElo "2346"]

1. e4 e6 2. d4 d5 3. Nc3 Bb4 4. e5 Ne7 5. a3 Bxc3+ 6. bxc3 c5 7. Qg4 Kf8 8. Bd2
Qe8 9. a4 Bd7 10. a5 Ba4 11. Qd1 Bb5 12. Bd3 a6 13. Qb1 Nbc6 14. Nf3 Qd8 15.
Qa2 f6 16. exf6 gxf6 17. O-O c4 18. Be2 Nf5 19. Bc1 Ke8 20. Re1 Kd7 21. Nd2 h5
22. Nf1 Qg8 23. Ne3 Nh4 24. Kh1 Qg6 25. Rg1 Rag8 26. Ba3 Rh7 27. Bc5 Rhg7 28.
Qb1 Nd8 29. Qd1 Qe4 30. Bf3 Nxf3 31. Qxf3 Rxg2 32. Qxe4 Rxg1+ 33. Rxg1 Rxg1+
34. Kxg1 dxe4 35. d5 f5 36. Ng2 exd5 37. Nf4 Nc6 38. Bb6 d4 39. cxd4 Nb4 40. c3
Na2 41. Kf1 Nxc3 42. Ke1 Na2 43. Bc5 c3 44. Ba3 h4 45. Ng6 Ke6 46. Nf4+ Kf6 47.
h3 Bc4 48. Ng2 c2 49. Kd2 c1=Q+ 50. Bxc1 Nxc1 51. Kxc1 Kg5 52. Ne3 Be6 53. d5
Bd7 54. Nc4 f4 55. Nd6 Bxh3 56. Nxe4+ Kf5 57. f3 Bg2 58. d6 Ke6 0-1

[Event "Suecia ch 2007 Mästare Elit"]
[Site "Stockholm SWE"]
[Date "2007.07.01"]
[Round "2"]
[White "Akesson, Joel"]
[Black "Logdahl, Harald"]
[Result "1-0"]
[PlyCount "43"]
[EventDate "2007.06.30"]
[EventType "tourn"]
[EventRounds "13"]
[EventCountry "SWE"]
[Source "lmi"]
[SourceDate "2007.06.30"]
[WhiteElo "2326"]
[BlackElo "2250"]

1. d4 d5 2. Nf3 Nc6 3. c4 Bg4 4. Nc3 e6 5. cxd5 exd5 6. Bf4 Bxf3 7. gxf3 Bd6 8.
Nxd5 Bxf4 9. Nxf4 Qxd4 10. Qxd4 Nxd4 11. O-O-O Ne6 12. Nxe6 fxe6 13. Bh3 Ke7
14. Rd3 Re8 15. Ra3 a6 16. Rb3 b6 17. Rc3 Kf6 18. Rxc7 Ne7 19. Rd1 Rc8 20. Rxc8
Rxc8+ 21. Kb1 Nd5 22. Rxd5 1-0

[Event "Suecia ch 2007 Mästare Elit"]
[Site "Stockholm SWE"]
[Date "2007.07.01"]
[Round "2"]
[White "Tikkanen, Hans"]
[Black "Glimbrant, Torbjorn"]
[Result "1-0"]
[PlyCount "83"]
[EventDate "2007.06.30"]
[EventType "tourn"]
[EventRounds "13"]
[EventCountry "SWE"]
[Source "lmi"]
[SourceDate "2007.06.30"]
[WhiteElo "2394"]
[BlackElo "2282"]

1. d4 d5 2. c4 c6 3. Nf3 Nf6 4. Nc3 e6 5. Bg5 Nbd7 6. cxd5 exd5 7. e3 Be7 8.
Bd3 O-O 9. Qc2 Re8 10. O-O Nf8 11. h3 g6 12. Ne5 N6d7 13. Bh6 Nxe5 14. dxe5 Nd7
15. e6 Ne5 16. exf7+ Kxf7 17. Be2 Kg8 18. Rad1 Nf7 19. Bf4 Bg5 20. Bh2 Bf5 21.
Qd2 Qe7 22. g4 Be6 23. f4 Bh6 24. Bd3 Rad8 25. Qf2 c5 26. Rde1 c4 27. Bb1 Qc5
28. Ne2 Bc8 29. Nd4 Bg7 30. Kh1 Rf8 31. f5 Nd6 32. Qh4 gxf5 33. gxf5 Bf6 34.
Qg4+ Kh8 35. Ne6 Bxe6 36. fxe6 Ne4 37. Bxe4 dxe4 38. Qxe4 Rde8 39. Rf5 Qc6 40.
Qxc6 bxc6 41. Bd6 Be7 42. Be5+ 1-0

[Event "Suecia ch 2007 Junior-SM"]
[Site "Stockholm SWE"]
[Date "2007.07.01"]
[Round "2"]
[White "Lissang, Christopher"]
[Black "De Verdier, Michael"]
[Result "1-0"]
[PlyCount "101"]
[EventDate "2007.06.30"]
[EventType "tourn"]
[EventRounds "13"]
[EventCountry "SWE"]
[Source "lmi"]
[SourceDate "2007.06.30"]
[WhiteElo "2053"]
[BlackElo "2123"]

1. e4 c6 2. d4 d5 3. Nc3 dxe4 4. Nxe4 Nf6 5. Nxf6+ gxf6 6. c3 Bf5 7. Nf3 e6 8.
g3 h5 9. Nh4 Be4 10. f3 Bh7 11. Be3 Be7 12. Bc4 Nd7 13. Qe2 Nb6 14. Bb3 Qc7 15.
O-O-O Nd5 16. Rhe1 O-O-O 17. f4 f5 18. Nf3 h4 19. Ne5 Bf6 20. Bf2 hxg3 21. hxg3
Kb8 22. Rh1 Bxe5 23. dxe5 Bg6 24. Bc5 Qa5 25. Bd6+ Ka8 26. Qf3 Qb6 27. Kb1 Ne3
28. Rxh8 Rxh8 29. Rh1 Rxh1+ 30. Qxh1 Qd8 31. a4 a6 32. a5 Nd5 33. Bd1 Nc7 34.
Bf3 Nb5 35. Bxc6 Nxd6 36. exd6 Qxd6 37. Bxb7+ Ka7 38. Qc6 Qxc6 39. Bxc6 f6 40.
b4 e5 41. Kc2 Kb8 42. c4 Kc7 43. Bd5 Be8 44. Be6 Bd7 45. Bxd7 Kxd7 46. fxe5
fxe5 47. b5 Kd6 48. b6 Kc6 49. Kc3 Kb7 50. c5 Kc6 51. Kc4 1-0

[Event "Suecia ch 2007 Junior-SM"]
[Site "Stockholm SWE"]
[Date "2007.07.01"]
[Round "2"]
[White "Grandelius, Nils"]
[Black "Andersson, Alexis"]
[Result "1-0"]
[PlyCount "43"]
[EventDate "2007.06.30"]
[EventType "tourn"]
[EventRounds "13"]
[EventCountry "SWE"]
[Source "lmi"]
[SourceDate "2007.06.30"]
[WhiteElo "2271"]
[BlackElo "2055"]

1. e4 c5 2. Nf3 d6 3. Nc3 Nf6 4. d4 cxd4 5. Nxd4 a6 6. f3 e6 7. Be3 b5 8. Qd2
Nbd7 9. g4 Nb6 10. a4 Nc4 11. Bxc4 bxc4 12. a5 Bd7 13. g5 Nh5 14. Nde2 Rb8 15.
Bb6 Rxb6 16. axb6 Qxb6 17. Qd4 Qb7 18. Qxc4 Be7 19. Qxa6 Qxb2 20. Rb1 Qxc2 21.
Rb8+ Bd8 22. Qxd6 1-0

[Event "Suecia ch 2007 Junior-SM"]
[Site "Stockholm SWE"]
[Date "2007.07.01"]
[Round "2"]
[White "Vas, Peter"]
[Black "Tadjerbashi, Amir"]
[Result "1/2-1/2"]
[PlyCount "36"]
[EventDate "2007.06.30"]
[EventType "tourn"]
[EventRounds "13"]
[EventCountry "SWE"]
[Source "lmi"]
[SourceDate "2007.06.30"]
[WhiteElo "2166"]
[BlackElo "2182"]

1. e4 e5 2. Nf3 Nc6 3. Bc4 Bc5 4. O-O Nf6 5. d3 d6 6. c3 a6 7. Bb3 Ba7 8. Nbd2
O-O 9. h3 h6 10. Re1 Nh5 11. Nf1 Qf6 12. Be3 Nf4 13. Bxf4 Qxf4 14. Ne3 Ne7 15.
g3 Qf6 16. Kg2 h5 17. h4 Bg4 18. Qe2 Bxf3+ 1/2-1/2

[Event "Suecia ch 2007 Junior-SM"]
[Site "Stockholm SWE"]
[Date "2007.07.01"]
[Round "2"]
[White "Blomqvist, Erik"]
[Black "Wickstrom, Lucas"]
[Result "1-0"]
[PlyCount "53"]
[EventDate "2007.06.30"]
[EventType "tourn"]
[EventRounds "13"]
[EventCountry "SWE"]
[Source "lmi"]
[SourceDate "2007.06.30"]
[WhiteElo "2313"]
[BlackElo "2139"]

1. e4 c5 2. Nf3 d6 3. d4 cxd4 4. Nxd4 Nf6 5. Nc3 a6 6. Bc4 e6 7. Bb3 b5 8. O-O
Be7 9. Qf3 Qc7 10. Qg3 Nc6 11. Nxc6 Qxc6 12. Re1 O-O 13. Bh6 Ne8 14. Nd5 Bd8
15. Re3 Ra7 16. Nf4 Kh8 17. Bg5 Bxg5 18. Qxg5 Nf6 19. Rae1 Rd7 20. Rg3 Rg8 21.
Bxe6 Re7 22. Rc3 Qa8 23. Bd5 Rxe4 24. Rxe4 Nxe4 25. Qh4 Bb7 26. Qxh7+ Kxh7 27.
Rh3# 1-0

[Event "Suecia ch 2007 Junior-SM"]
[Site "Stockholm SWE"]
[Date "2007.07.01"]
[Round "2"]
[White "Nithander, Victor"]
[Black "Agrest, Inna"]
[Result "1-0"]
[PlyCount "127"]
[EventDate "2007.06.30"]
[EventType "tourn"]
[EventRounds "13"]
[EventCountry "SWE"]
[Source "lmi"]
[SourceDate "2007.06.30"]
[WhiteElo "2357"]
[BlackElo "2085"]

1. e4 e5 2. Nf3 Nc6 3. Bb5 a6 4. Ba4 Nf6 5. O-O b5 6. Bb3 Bc5 7. c3 d6 8. a4
Bg4 9. d3 Rb8 10. Nbd2 O-O 11. Re1 Bb6 12. Nf1 h6 13. h3 Be6 14. Bxe6 fxe6 15.
Be3 Qe8 16. axb5 axb5 17. N3h2 Nh5 18. g3 Qf7 19. Ng4 Nf6 20. Nxf6+ Qxf6 21.
Qe2 b4 22. Ra6 Bxe3 23. Nxe3 Nd8 24. h4 bxc3 25. bxc3 Rb3 26. Ng4 Qf3 27. Qc2
Rb8 28. Nh2 Qf6 29. Kg2 Nb7 30. Rb1 Nc5 31. Rxb8 Rxb8 32. Ra7 Rb7 33. Ra8+ Kh7
34. Nf3 Qg6 35. Rc8 Qf7 36. d4 Nd7 37. dxe5 Nxe5 38. Nxe5 dxe5 39. Qa2 g6 40.
Qa6 c5 41. Qc6 g5 42. Qxc5 g4 43. Rf8 Qg7 44. Qc8 Rf7 45. Rxf7 Qxf7 46. Kg1 Qe7
47. c4 Qd6 48. Qb7+ Kg8 49. Qa8+ Kg7 50. Qa7+ Kg8 51. Qe3 Qd1+ 52. Kg2 Kg7 53.
h5 Qc2 54. Qa7+ Kg8 55. Qb8+ Kh7 56. Qxe5 Qxc4 57. Qf4 Qe2 58. Qf7+ Kh8 59.
Qf6+ Kh7 60. Qg6+ Kh8 61. Qxh6+ Kg8 62. Qxe6+ Kf8 63. Qf5+ Kg8 64. h6 1-0

[Event "Suecia ch 2007 SM-gruppen"]
[Site "Stockholm SWE"]
[Date "2007.07.02"]
[Round "3"]
[White "Ong, Kezli"]
[Black "Smith, Axel"]
[Result "1/2-1/2"]
[PlyCount "26"]
[EventDate "2007.06.30"]
[EventType "tourn"]
[EventRounds "13"]
[EventCountry "SWE"]
[Source "lmi"]
[SourceDate "2007.06.30"]
[WhiteElo "2236"]
[BlackElo "2284"]

1. e4 e6 2. d4 d5 3. Nc3 Nf6 4. e5 Nfd7 5. f4 c5 6. Nf3 Nc6 7. Be3 a6 8. dxc5
Bxc5 9. Qd2 b5 10. Bxc5 Nxc5 11. Qf2 Qb6 12. Bd3 Rb8 13. O-O Na4 1/2-1/2

[Event "Suecia ch 2007 SM-gruppen"]
[Site "Stockholm SWE"]
[Date "2007.07.02"]
[Round "3"]
[White "Berg, Emanuel"]
[Black "Akesson, Ralf"]
[Result "1-0"]
[PlyCount "149"]
[EventDate "2007.06.30"]
[EventType "tourn"]
[EventRounds "13"]
[EventCountry "SWE"]
[Source "lmi"]
[SourceDate "2007.06.30"]
[WhiteElo "2581"]
[BlackElo "2477"]

1. e4 c6 2. d4 d5 3. Nd2 dxe4 4. Nxe4 Nd7 5. Bc4 Ngf6 6. Ng5 e6 7. Qe2 Nb6 8.
Bd3 h6 9. N5f3 c5 10. Be3 Qc7 11. Ne5 a6 12. Ngf3 Nbd5 13. O-O Bd6 14. c3 O-O
15. Rac1 b6 16. Bd2 Bb7 17. Rfe1 Ne7 18. h3 Bd5 19. a3 cxd4 20. Bxa6 dxc3 21.
Bxc3 Ne4 22. Bd4 Qd8 23. Bd3 Nc5 24. Bc2 Nf5 25. Bxf5 exf5 26. Bxc5 bxc5 27.
Red1 Be6 28. Nc4 Bxc4 29. Qxc4 Qf6 30. Rd5 Rfb8 31. Rc2 g6 32. Rcd2 Rb6 33. g3
Re8 34. Qa4 Re6 35. Qc2 Be7 36. Kg2 Re4 37. Rd7 Qe6 38. R7d3 c4 39. Rd5 Bf6 40.
Qc1 Kg7 41. Rc5 Rb3 42. Rc2 Rxf3 43. Kxf3 Be7 44. R2xc4 Re1 45. Qc3+ Kh7 46.
Qd3 f4 47. g4 Bxc5 48. Rxc5 Rh1 49. Qd5 Rxh3+ 50. Kg2 Qxg4+ 51. Kf1 Rh1+ 52.
Qxh1 Qd1+ 53. Kg2 f3+ 54. Kh2 Qd6+ 55. Kh3 Qe6+ 56. Kg3 Qd6+ 57. Kg4 Qxc5 58.
Qxf3 Qd4+ 59. Kh3 f5 60. b4 Kg7 61. b5 f4 62. a4 h5 63. Kg2 Qxa4 64. b6 Qb5 65.
Qc3+ Kh6 66. Qh8+ Kg5 67. Qd8+ Kh6 68. Qf8+ Kg5 69. Qe7+ Kg4 70. f3+ Kf5 71. b7
Qb2+ 72. Kh3 Qb6 73. Qe4+ Kg5 74. Qe5+ Kh6 75. b8=Q 1-0

[Event "Suecia ch 2007 SM-gruppen"]
[Site "Stockholm SWE"]
[Date "2007.07.02"]
[Round "3"]
[White "Hamark, Jesper"]
[Black "Cramling, Pia"]
[Result "1/2-1/2"]
[PlyCount "37"]
[EventDate "2007.06.30"]
[EventType "tourn"]
[EventRounds "13"]
[EventCountry "SWE"]
[Source "lmi"]
[SourceDate "2007.06.30"]
[WhiteElo "2289"]
[BlackElo "2533"]

1. d4 Nf6 2. c4 d6 3. Nf3 g6 4. Nc3 Bf5 5. h3 c6 6. g4 Be4 7. Nxe4 Nxe4 8. Qd3
d5 9. Bg2 e6 10. Nd2 Nxd2 11. Bxd2 Bg7 12. e3 Nd7 13. O-O-O Nb6 14. cxd5 cxd5
15. Qb5+ Qd7 16. Qxd7+ Kxd7 17. b3 Nc8 18. Bf1 Nd6 19. Bb4 1/2-1/2

[Event "Suecia ch 2007 SM-gruppen"]
[Site "Stockholm SWE"]
[Date "2007.07.02"]
[Round "3"]
[White "Lindberg, Bosse"]
[Black "Hillarp Persson, Tiger"]
[Result "0-1"]
[PlyCount "81"]
[EventDate "2007.06.30"]
[EventType "tourn"]
[EventRounds "13"]
[EventCountry "SWE"]
[Source "lmi"]
[SourceDate "2007.06.30"]
[WhiteElo "2361"]
[BlackElo "2567"]

1. d4 Nf6 2. Bg5 e6 3. Nd2 h6 4. Bh4 c5 5. e3 Nc6 6. c3 d5 7. Ngf3 a6 8. Bd3
cxd4 9. exd4 g5 10. Bg3 Nh5 11. Be5 Nxe5 12. Nxe5 Nf4 13. Qf3 Bd6 14. O-O O-O
15. g3 f6 16. Ng4 h5 17. Nh6+ Kg7 18. gxf4 Kxh6 19. fxg5+ fxg5 20. Qg2 Rf4 21.
h3 Qf6 22. Rae1 Bd7 23. Re3 Rf8 24. Rg3 Bc8 25. Be2 Rf5 26. Rd3 Bf4 27. Nf3 Rg8
28. Nh2 Qf7 29. Kh1 Bd7 30. Rf3 Rf8 31. Bd3 Rf6 32. Rg1 Rg8 33. Be2 Bc6 34. Nf1
e5 35. Ne3 e4 36. Rg3 Bxg3 37. Qxg3 Rxf2 38. Bg4 Rf4 39. Be2 Bd7 40. Rg2 Be6
41. Kh2 0-1

[Event "Suecia ch 2007 SM-gruppen"]
[Site "Stockholm SWE"]
[Date "2007.07.02"]
[Round "3"]
[White "Brynell, Stellan"]
[Black "Furhoff, Johan"]
[Result "1-0"]
[PlyCount "43"]
[EventDate "2007.06.30"]
[EventType "tourn"]
[EventRounds "13"]
[EventCountry "SWE"]
[Source "lmi"]
[SourceDate "2007.06.30"]
[WhiteElo "2459"]
[BlackElo "2397"]

1. d4 d5 2. c4 c6 3. Nc3 e5 4. e3 e4 5. Qb3 Nf6 6. Bd2 Be7 7. Nh3 b6 8. cxd5
cxd5 9. Bb5+ Kf8 10. O-O Bb7 11. f3 Nc6 12. Bxc6 Bxc6 13. fxe4 dxe4 14. Ng5 Qe8
15. d5 Bb7 16. Ngxe4 Rd8 17. Nxf6 Bxf6 18. e4 Bd4+ 19. Kh1 Bxc3 20. Qxc3 Qxe4
21. Qc7 Qxd5 22. Rxf7+ 1-0

[Event "Suecia ch 2007 Mästare Elit"]
[Site "Stockholm SWE"]
[Date "2007.07.02"]
[Round "3"]
[White "Welin, Mats"]
[Black "Tikkanen, Hans"]
[Result "0-1"]
[PlyCount "110"]
[EventDate "2007.06.30"]
[EventType "tourn"]
[EventRounds "13"]
[EventCountry "SWE"]
[Source "lmi"]
[SourceDate "2007.06.30"]
[WhiteElo "2195"]
[BlackElo "2394"]

1. e4 e5 2. Nf3 Nc6 3. Bb5 a6 4. Ba4 Nf6 5. O-O Nxe4 6. d4 b5 7. Bb3 d5 8. dxe5
Be6 9. Nbd2 Be7 10. c3 O-O 11. Bc2 f5 12. Nd4 Nxd4 13. cxd4 Qd7 14. Nb3 a5 15.
f3 a4 16. fxe4 axb3 17. Bxb3 fxe4 18. Rxf8+ Rxf8 19. Be3 Bd8 20. Qe2 Qe8 21.
Rc1 Kh8 22. Rc5 c6 23. Rc1 Bd7 24. a4 b4 25. Qd2 Qe7 26. Bd1 Bb6 27. Be2 Rc8
28. Ba6 Rc7 29. Bf1 h6 30. b3 Be8 31. h3 Kh7 32. Rc2 Kg8 33. Be2 Bf7 34. Qc1
Qe8 35. Bg4 Be6 36. Be2 Qa8 37. Qd2 Qa5 38. Qc1 Bd7 39. Kh1 Kh7 40. Kh2 Qa7 41.
Qd2 Qa5 42. Qc1 Rc8 43. Qf1 Kg8 44. Bh5 Rf8 45. Rf2 Rxf2 46. Qxf2 Be6 47. Qc2
Qa8 48. Bg6 Qc8 49. Qe2 Qb7 50. Qh5 Qe7 51. Qe2 Qa7 52. Qf2 Qd7 53. g4 Qe7 54.
h4 Bxg4 55. Qg3 h5 0-1

[Event "Suecia ch 2007 Mästare Elit"]
[Site "Stockholm SWE"]
[Date "2007.07.02"]
[Round "3"]
[White "Logdahl, Harald"]
[Black "Marttala, Thomas"]
[Result "1-0"]
[PlyCount "47"]
[EventDate "2007.06.30"]
[EventType "tourn"]
[EventRounds "13"]
[EventCountry "SWE"]
[Source "lmi"]
[SourceDate "2007.06.30"]
[WhiteElo "2250"]
[BlackElo "2271"]

1. e4 e5 2. Nf3 Nc6 3. Nc3 d6 4. d4 exd4 5. Nxd4 g6 6. Nd5 a6 7. Bg5 f6 8. Be3
Bg7 9. Qd2 Nge7 10. O-O-O Nxd5 11. exd5 Nxd4 12. Bxd4 O-O 13. h4 Bf5 14. h5 Qd7
15. hxg6 hxg6 16. f3 g5 17. g4 Bg6 18. Bd3 Bxd3 19. Qxd3 Kf7 20. f4 Qxg4 21.
fxg5 Qxg5+ 22. Be3 Qe5 23. Rdg1 f5 24. Rh7 1-0

[Event "Suecia ch 2007 Mästare Elit"]
[Site "Stockholm SWE"]
[Date "2007.07.02"]
[Round "3"]
[White "Hedman, Erik"]
[Black "Akesson, Joel"]
[Result "0-1"]
[PlyCount "73"]
[EventDate "2007.06.30"]
[EventType "tourn"]
[EventRounds "13"]
[EventCountry "SWE"]
[Source "lmi"]
[SourceDate "2007.06.30"]
[WhiteElo "2346"]
[BlackElo "2326"]

1. e4 e6 2. d4 d5 3. Nc3 Bb4 4. e5 Ne7 5. a3 Bxc3+ 6. bxc3 c5 7. Qg4 cxd4 8.
Qxg7 Rg8 9. Qxh7 Qc7 10. Ne2 Nbc6 11. f4 Bd7 12. Qd3 dxc3 13. Nxc3 a6 14. Ne2
O-O-O 15. Bd2 Nf5 16. Rg1 d4 17. g4 Nh4 18. Rg3 f6 19. exf6 e5 20. g5 Bf5 21.
Qc4 e4 22. O-O-O d3 23. cxd3 b5 24. Qc3 exd3 25. Ng1 Rd4 26. Kb1 Rc4 27. Qb2
Rd8 28. Bc3 Qxf4 29. Nh3 Qc7 30. Nf2 Ng6 31. Bxd3 Rxd3 32. Nxd3 Nf4 33. Ka1
Nxd3 34. Rgxd3 Bxd3 35. Rxd3 Rg4 36. Qf2 Nd8 37. Qf5+ 0-1

[Event "Suecia ch 2007 Mästare Elit"]
[Site "Stockholm SWE"]
[Date "2007.07.02"]
[Round "3"]
[White "Rosberg, Simon"]
[Black "Nilsson, Sebastian"]
[Result "1-0"]
[PlyCount "129"]
[EventDate "2007.06.30"]
[EventType "tourn"]
[EventRounds "13"]
[EventCountry "SWE"]
[Source "lmi"]
[SourceDate "2007.06.30"]
[WhiteElo "2205"]
[BlackElo "2218"]

1. d4 d5 2. c4 e6 3. Nf3 Nf6 4. Nc3 Nbd7 5. Bg5 c6 6. cxd5 exd5 7. e3 Be7 8.
Bd3 O-O 9. Qc2 Re8 10. O-O Nf8 11. h3 Be6 12. Rab1 N6d7 13. Bxe7 Qxe7 14. b4 a6
15. a4 Rec8 16. Rfc1 Nb6 17. Qd1 Rc7 18. Ne2 Nfd7 19. Qc2 h6 20. Rb2 Qd6 21.
Nc3 Rac8 22. Qb1 Rf8 23. Rbc2 Rfc8 24. a5 Na8 25. Na4 Nf6 26. Nc5 Re8 27. Re2
Bc8 28. Ne5 Qf8 29. Rf1 Rce7 30. f4 Nc7 31. Qe1 Ne6 32. g4 Nxc5 33. bxc5 Nd7
34. Qg3 Nxe5 35. fxe5 g5 36. Ref2 Qg7 37. Kh2 Kh8 38. Rf6 Rf8 39. Qf2 Kg8 40.
Bg6 Be6 41. Bh5 Rb8 42. h4 Rd8 43. hxg5 hxg5 44. Kg3 Ra8 45. Rh1 Rc8 46. Qh2
Rf8 47. Qc2 Bc8 48. Bg6 fxg6 49. Rxg6 Rff7 50. Qh2 Rf3+ 51. Kxf3 Qxg6 52. Qh8+
Kf7 53. Rh7+ Qxh7 54. Qxh7+ Ke8 55. Qg8+ Kd7 56. Qxg5 Kd8 57. Qf6 Be6 58. g5
Kd7 59. g6 Re8 60. Kf4 Rg8 61. Kg5 Re8 62. g7 Bg8 63. Qd6+ Kc8 64. Kf6 Rd8 65.
Ke7 1-0

[Event "Suecia ch 2007 Mästare Elit"]
[Site "Stockholm SWE"]
[Date "2007.07.02"]
[Round "3"]
[White "Janse, Love"]
[Black "Semcesen, Daniel"]
[Result "1/2-1/2"]
[PlyCount "129"]
[EventDate "2007.06.30"]
[EventType "tourn"]
[EventRounds "13"]
[EventCountry "SWE"]
[Source "lmi"]
[SourceDate "2007.06.30"]
[WhiteElo "2090"]
[BlackElo "2348"]

1. e4 e5 2. Nc3 Nf6 3. Bc4 Nc6 4. d3 Na5 5. Nge2 Bc5 6. O-O h6 7. a4 Nxc4 8.
dxc4 d6 9. Qd3 Be6 10. b3 g5 11. Ng3 Qd7 12. Be3 b6 13. Nd5 Ng8 14. a5 Bxd5 15.
Qxd5 Rb8 16. axb6 axb6 17. Ra8 Rxa8 18. Qxa8+ Qd8 19. Qxd8+ Kxd8 20. Bd2 b5 21.
cxb5 Nf6 22. Ra1 Kd7 23. h3 Bb6 24. Kf1 Rg8 25. f3 Ke6 26. c4 h5 27. Nf5 g4 28.
hxg4 hxg4 29. Be3 gxf3 30. gxf3 Nd7 31. Bxb6 Nxb6 32. Ra7 Kd7 33. Ne3 Kc8 34.
b4 Kb8 35. Ra6 Rh8 36. Kg2 Rg8+ 37. Kf2 Rh8 38. c5 Rh2+ 39. Kg3 Re2 40. Nd5
Nxd5 41. exd5 Rd2 42. cxd6 Rxd5 43. dxc7+ Kxc7 44. Rc6+ Kd7 45. Rc5 Rd4 46.
Rxe5 Rxb4 47. f4 f6 48. Rh5 Ke6 49. Kg4 Rb1 50. Rc5 Rg1+ 51. Kf3 Rb1 52. Ke4
Rb4+ 53. Ke3 f5 54. Kf3 Rb3+ 55. Kf2 Ra3 56. Rc8 Rb3 57. Re8+ Kf6 58. Rb8 Ke6
59. b6 Kd7 60. b7 Kc7 61. Rf8 Rxb7 62. Rxf5 Kd6 63. Re5 Rb3 64. Kg2 Ra3 65. Re2
1/2-1/2

[Event "Suecia ch 2007 Mästare Elit"]
[Site "Stockholm SWE"]
[Date "2007.07.02"]
[Round "3"]
[White "Glimbrant, Torbjorn"]
[Black "Wademark, Helge"]
[Result "1/2-1/2"]
[PlyCount "98"]
[EventDate "2007.06.30"]
[EventType "tourn"]
[EventRounds "13"]
[EventCountry "SWE"]
[Source "lmi"]
[SourceDate "2007.06.30"]
[WhiteElo "2282"]
[BlackElo "2153"]

1. e4 e6 2. d4 d5 3. Nc3 Nf6 4. e5 Nfd7 5. f4 c5 6. Nf3 Nc6 7. Be3 Be7 8. Qd2
a6 9. dxc5 Nxc5 10. Nd4 Bd7 11. O-O-O Rc8 12. Kb1 Qa5 13. Nxc6 Rxc6 14. Ne2
Qxd2 15. Bxd2 Ne4 16. Be1 f6 17. Nd4 Rc8 18. exf6 gxf6 19. Be2 Bd6 20. Bg4 Ke7
21. g3 h5 22. Bf3 h4 23. Bxe4 dxe4 24. Bf2 Bc5 25. Rhf1 e5 26. fxe5 fxe5 27.
Nb3 Bxf2 28. Rxf2 hxg3 29. hxg3 e3 30. Rg2 Bc6 31. Rgg1 Be4 32. Rde1 Rxc2 33.
Ka1 e2 34. g4 Rd8 35. g5 Bf3 36. Kb1 Be4 37. Ka1 Rg8 38. Rg3 Ke6 39. Re3 Kf5
40. Nc1 Rxg5 41. Nxe2 Bc6 42. Kb1 Rd2 43. Kc1 Rd8 44. Nc3 Kf4 45. Rh3 Re8 46.
Rh4+ Kg3 47. Rh7 Rg4 48. Kd2 Kf4 49. Rf1+ Kg5 1/2-1/2

[Event "Suecia ch 2007 Junior-SM"]
[Site "Stockholm SWE"]
[Date "2007.07.02"]
[Round "3"]
[White "Kockum, Anton Frisk"]
[Black "Nithander, Victor"]
[Result "1/2-1/2"]
[PlyCount "81"]
[EventDate "2007.06.30"]
[EventType "tourn"]
[EventRounds "13"]
[EventCountry "SWE"]
[Source "lmi"]
[SourceDate "2007.06.30"]
[WhiteElo "2200"]
[BlackElo "2357"]

1. d4 Nf6 2. Nf3 g6 3. c4 Bg7 4. Nc3 d6 5. e4 O-O 6. Be2 e5 7. O-O Na6 8. Be3
Ng4 9. Bg5 Qe8 10. dxe5 dxe5 11. h3 h6 12. Bd2 Nf6 13. Be3 Qe7 14. Qc1 Kh7 15.
Rd1 c6 16. a3 Nc5 17. Qc2 Nh5 18. b4 Ne6 19. c5 Nhf4 20. Bf1 Qf6 21. Ne1 a5 22.
Na4 axb4 23. axb4 Nd4 24. Qb2 Be6 25. Nb6 Rxa1 26. Rxa1 Qg5 27. Kh2 Qh5 28. Ra7
Rd8 29. f3 Nxh3 30. gxh3 Nxf3+ 31. Nxf3 Qxf3 32. Qf2 Qxe4 33. Bg2 Qxb4 34. Rxb7
e4 35. Bf1 Rd1 36. Be2 Ra1 37. Bxh6 Bxh6 38. Rxf7+ Bxf7 39. Qxf7+ Bg7 40. Nd7
Qb2 41. Nf8+ 1/2-1/2

[Event "Suecia ch 2007 Junior-SM"]
[Site "Stockholm SWE"]
[Date "2007.07.02"]
[Round "3"]
[White "Tadjerbashi, Amir"]
[Black "Blomqvist, Erik"]
[Result "1/2-1/2"]
[PlyCount "103"]
[EventDate "2007.06.30"]
[EventType "tourn"]
[EventRounds "13"]
[EventCountry "SWE"]
[Source "lmi"]
[SourceDate "2007.06.30"]
[WhiteElo "2182"]
[BlackElo "2313"]

1. e4 c5 2. Nf3 Nc6 3. d4 cxd4 4. Nxd4 g6 5. Nc3 Bg7 6. Nde2 Nf6 7. g3 b5 8. a3
Rb8 9. Bg2 O-O 10. O-O d6 11. h3 a5 12. Nd5 Nd7 13. Ra2 e6 14. Ne3 Qc7 15. Qd2
Rd8 16. Rd1 Nc5 17. f4 Ba6 18. b4 Na4 19. c3 Rbc8 20. Rc2 Nb6 21. Qe1 Nc4 22.
Kh2 Qb6 23. Ng1 axb4 24. axb4 Ne7 25. Nf3 Bb7 26. Nd4 e5 27. Nb3 exf4 28. gxf4
Ba8 29. Nxc4 Rxc4 30. Na5 Rcc8 31. Be3 Qb8 32. Qf2 Re8 33. Bd4 Bxd4 34. Rxd4
Rcd8 35. Rcd2 Qc7 36. c4 bxc4 37. Rxc4 Qb8 38. Rcd4 Nc6 39. Nxc6 Bxc6 40. Qh4
Rd7 41. f5 Rb7 42. Rxd6 Bxe4 43. f6 h5 44. Qf4 Kh7 45. Bxe4 Rxb4 46. Bxg6+ fxg6
47. Rd7+ Kh8 48. Qxb8 Rbxb8 49. Rg2 Re3 50. Rf2 Rf8 51. Rc2 Rf3 52. Rcc7
1/2-1/2